000 00855cam a22002777a 4500
003 CHAP
005 20220329141755.0
008 971013s1962 r 00010 d
010 _a73611
011 _a74583
035 _a84142
040 _cCHAP
090 _aFolleto 6521
100 0 0 _aAlcocer Gallego, Ignacio.
_93639
245 1 3 _aLa Sociedad Agronómica Mexicana y el hombre que habrá de dirigir su destino
260 _aMéxico, D. F. :
_b(s.e.),
_c1962
300 _a8 p.
590 _aBATCH-UPD
_b10
_c20130110
_lUCH01
_h0415
590 _aBATCH-UPD
_b10
_c20130110
_lUCH01
_h2330
590 _aBATCH-UPD
_b10
_c20130410
_lUCH01
_h1620
590 _aCONVERSION
_b10
_c20130109
_lUCH01
_h1340
650 1 4 _aAgricultura
_xSociedades
_zMexico.
_91820
901 _aBK
942 _cFOLL
949 _aFolleto 6521
_bBC
_cFOLL
_d-39312
_eTS1
_i84142
_mD.
_si
999 _c73611
_d73611